| 000 | 01813cam a22004217a 4500 | ||
|---|---|---|---|
| 001 | 13671417 | ||
| 003 | OSt | ||
| 005 | 20150408114151.0 | ||
| 008 | 040730s2004 gw a b 101 0 eng d | ||
| 010 | _a 2004111137 | ||
| 016 | 7 |
_a971999988 _2GyFmDB |
|
| 020 | _a3540230718 (pbk.) | ||
| 035 | _a(OCoLC)ocm56533545 | ||
| 040 |
_aOHX _cOHX _dCUS _dC$Q _dOCLCQ _dDLC |
||
| 042 | _alccopycat | ||
| 050 | 0 | 0 |
_aQA267.8 _b.I96 2004 |
| 072 | 7 |
_aQA _2lcco |
|
| 082 | 0 | 0 |
_a519.5/44 _222 _bIWP |
| 111 | 2 |
_aIWPEC 2004 _d(2004 : _cBergen, Norway) _939730 |
|
| 245 | 1 | 0 |
_aParameterized and exact computation : _bfirst international workshop, IWPEC 2004, Bergen, Norway, September 14-17, 2004 : proceedings / _cRod Downey, Michael Fellows, Frank Dehne (eds.). |
| 246 | 3 | 0 | _aIWPEC 2004 |
| 260 |
_aBerlin ; _aNew York : _bSpringer, _cc2004. |
||
| 300 |
_ax, 290 p. : _bill. ; _c24 cm. |
||
| 440 | 0 |
_aLecture notes in computer science, _x0302-9743 ; _v3162 _939731 |
|
| 504 | _aIncludes bibliographical references and index. | ||
| 530 | _aAlso issued online. | ||
| 650 | 0 |
_aParameter estimation _vCongresses. _939732 |
|
| 650 | 0 |
_aComputer algorithms _vCongresses. _939733 |
|
| 650 | 0 |
_aComputational complexity _vCongresses. _98811 |
|
| 700 | 1 |
_aDowney, R. G. _q(Rod G.) _939734 |
|
| 700 | 1 |
_aFellows, M. R. _q(Michael Ralph), _d1952- _939735 |
|
| 700 | 1 |
_aDehne, F. _q(Frank), _d1960- _939736 |
|
| 856 | 4 | 1 |
_uhttp://www.springerlink.com/openurl.asp?genre=issue&issn=0302-9743&volume=3162 _zRestricted to Springer LINK subscribers |
| 856 | 4 | 2 |
_3Publisher description _uhttp://www.loc.gov/catdir/enhancements/fy0823/2004111137-d.html |
| 906 |
_a7 _bcbc _ccopycat _d2 _eepcn _f20 _gy-gencatlg |
||
| 942 |
_2ddc _cBOOK |
||
| 999 |
_c32049 _d266549 |
||